000 02053cam a22004094i 4500
003 PE-LiUPU
005 20250731183431.0
008 150706s r 000 0 d
020 _a978842522910
035 _a(Sirsi) i978842522910
040 _aPE-LiUPU
_bspa
_cPE-LiUPU
_erda
049 _aPRUA
082 0 4 _a720
_bK74
_221
100 1 _aKoolhaas, Rem,
_d1944- ,
_eautor.
245 1 0 _aEspacio basura /
_cRem Kolhaas.
264 1 _aBarcelona :
_bGustavo Gili,
_c2008.
300 _a62 páginas ;
_c17 cm.
336 _atext
_2rdacontent
337 _aunmediated
_2rdamedia
338 _avolume
_2rdacarrier
490 0 _aGG mínima
505 0 _a"Aeropuerto Logan: una mejora de alcance mundial para el siglo XXI" -- "Si la basura espacial son los desechos humanos que ensucian el universo, el 'espacio basura' es el residuo que la humanidad deja sobre el planeta. El producto construido de la modernización no es la arquitectura moderna, sino el 'espacio basura'. El 'espacio basura' es lo que queda después de que la modernización haya seguido su curso o, más concretamente, lo que se coagula mientras la modernización está en marcha: su secuela. La modernización tenía un programa racional: compartir las bendiciones de la ciencia, para todo. El 'espacio basura' es su apoteosis, o su derretimiento .".
526 _aP158
526 _aP146
526 _aP17
526 _aP12
526 _aP06
541 _g001-003517;
650 0 4 _aEspacio en arquitectura.
650 0 4 _aArquitectura
_xTeorías.
910 _agl
_bjv
_clch
_d20120601
942 _2ddc
_cBOOK
949 _a720 K74
_wDEWEY
_c1
_i64739
_lCCODEBUL1
_mBUL
_p16.00
_r0
_sY
_tBOOK
_u2015-7-6
_xINGENIERIA
_PP06
_o.STAFF. Colección General
994 _aC0
_bPEPRU
596 _a1
999 _a720 K74
_wDEWEY
_c53441
_i64739
_d53441
_e2022-5-10
_f2021-11-9
_g7
_lCCODEBUL1
_mBUL
_n2
_p16.00
_q1
_r0
_sY
_tBOOK
_u2015-7-6
_xINGENIERIA
_PP06
_0COMPRA
_o.STAFF. Colección General
980 _81
_gALBERTO SANCHEZ Responsable de Automatización